000 00824nam a2200265Ia 4500
003 OSt
005 20220928124335.0
006 a|||||r|||| 00| 0
007 ta
008 220927b |||||||| |||| 00| 0 eng d
020 _c12796.799999999999
024 _a119236
037 _b022, 28/08/2013, Excel Book International
_cTextual
040 _aSDCL
_cSDCL
_beng
041 _2eng
_aeng
082 _aNW2, Q3
100 _aGokulsing K Moti Ed.
_9464501
245 0 _aRoutledge handbook of indian cinemas .
260 _aNew York
_b Routledge
_c2013
300 _axv;470p.
_ccm.
650 _aHistory
700 _a Dissanayake Wimal Ed.
_9448688
942 _hNW2, Q3
_cTEXL
_2CC
999 _c777406
_d777406